[Event "Bled Planinc Memorial 1st"]
[Site "Bled"]
[Date "2018.11.24"]
[Round "4"]
[White "Lagarde, Maxime"]
[Black "Karnaukh, Anatolij"]
[Result "1-0"]
[WhiteElo "2616"]
[BlackElo "2053"]
[PlyCount "106"]
[EventDate "2018.11.24"]
[EventType "swiss (blitz)"]
[EventRounds "9"]
[EventCountry "SLO"]
[SourceTitle "CBM 187 Extra"]
[Source "ChessBase"]
[SourceDate "2018.11.04"]
[SourceVersion "1"]
[SourceVersionDate "2018.11.04"]
[SourceQuality "1"]

1. b3 Nc6 2. Bb2 e5 3. e3 Nge7 4. Nf3 f6 5. d4 exd4 6. Nxd4 Nxd4 7. Qxd4 Nc6 8. Qd2 Bb4 9. c3 Be7 10. c4 0-0 11. Nc3 Bb4 12. a3 Bxc3 13. Bxc3 d6 14. Be2 Be6 15. Rd1 Qe8 16. 0-0 Rd8 17. Bf3 Ne5 18. Bd5 c6 19. Bxe6+ Qxe6 20. f4 Nf7 21. Bd4 b6 22. Rde1 d5 23. c5 b5 24. f5 Qe7 25. h4 Rfe8 26. Rf4 Qc7 27. Ref1 Re4 28. Rxe4 dxe4 29. Qc2 Re8 30. Rf4 Qe7 31. a4 a6 32. axb5 axb5 33. Qa2 Qd7 34. b4 Kh8 35. Qc2 Qd5 36. Kh2 h6 37. Kh3 Kh7 38. g4 Qc4 39. Qxc4 bxc4 40. Kg3 h5 41. gxh5 Nh6 42. Rf2 Rb8 43. Bc3 Rd8 44. Kf4 Rd3 45. Rc2 Rd5 46. Kxe4 Rxf5 47. Bd4 Rxh5 48. Rxc4 Rxh4+ 49. Kd3 Nf7 50. Bc3 Rh1 51. Re4 Rd1+ 52. Kc4 Rd7 53. Re6 Rc7 1-0

[Event "Myrhorod op"]
[Site "Myrhorod"]
[Date "2011.07.13"]
[Round "7"]
[White "Karnaukh, Anatolij"]
[Black "Golubka, Petr"]
[Result "0-1"]
[WhiteElo "2209"]
[BlackElo "2409"]
[PlyCount "82"]
[EventDate "2011.07.09"]
[EventType "swiss"]
[EventRounds "9"]
[EventCountry "UKR"]
[SourceTitle "CBM 143 Extra"]
[Source "ChessBase"]
[SourceDate "2011.08.29"]
[SourceVersion "1"]
[SourceVersionDate "2011.08.29"]
[SourceQuality "1"]

1. d4 Nf6 2. c4 e6 3. Nc3 Bb4 4. e3 0-0 5. Nge2 b6 6. a3 Be7 7. Ng3 d5 8. cxd5 exd5 9. Bd3 g6 10. b4 c6 11. 0-0 a5 12. b5 c5 13. Re1 Be6 14. Bb2 Nbd7 15. Rc1 Re8 16. Nce2 Bd6 17. Nf4 Bg4 18. f3 Rxe3 19. Nfe2 Bh5 20. Qd2 Qe7 21. Nf1 Re6 22. dxc5 bxc5 23. Red1 c4 24. Nf4 cxd3 25. Nxe6 fxe6 26. Rc6 Ne5 27. Bxe5 Bxe5 28. Re1 Bd4+ 29. Kh1 Bg4 30. Qxd3 Bf2 31. Rec1 Bf5 32. Qe2 Bd4 33. Ne3 Qxa3 34. Nxf5 exf5 35. Rc8+ Rxc8 36. Rxc8+ Kg7 37. Rc7+ Kh6 38. Qe1 Qb2 39. Qc1+ Qxc1+ 40. Rxc1 a4 41. Rd1 Bc5 0-1

[Event "UKR-ch sf"]
[Site "Alushta"]
[Date "2011.05.09"]
[Round "7"]
[White "Karnaukh, Anatolij"]
[Black "Shishkin, Vadim"]
[Result "0-1"]
[WhiteElo "2199"]
[BlackElo "2474"]
[PlyCount "82"]
[EventDate "2011.05.03"]
[EventType "swiss"]
[EventRounds "9"]
[EventCountry "UKR"]
[SourceTitle "CBM 142 Extra"]
[Source "ChessBase"]
[SourceDate "2011.06.27"]
[SourceVersion "1"]
[SourceVersionDate "2011.06.27"]
[SourceQuality "1"]

1. d4 g6 2. Nf3 Bg7 3. g3 d5 4. Bg2 Nf6 5. 0-0 0-0 6. c4 dxc4 7. Na3 Na6 8. Nxc4 c5 9. dxc5 Be6 10. Nfe5 Nxc5 11. Be3 Rc8 12. Rc1 Nd5 13. Bd4 b6 14. Nf3 Bh6 15. e3 Nb4 16. a3 Ncd3 17. Ra1 Bxc4 18. axb4 Nxb4 19. Re1 Nd3 20. Re2 e5 21. Bc3 Qe7 22. Rd2 e4 23. Ne1 Nc5 24. Rd4 Bb3 25. Qe2 Bg7 26. Ra3 a5 27. Bh3 f5 28. Qb5 a4 29. Bf1 Bxd4 30. Bxd4 Qe6 31. h4 h6 32. Ng2 g5 33. Qe2 Kh7 34. Ra1 Nd3 35. Ne1 Nxe1 36. Rxe1 gxh4 37. gxh4 f4 38. Qb5 Qg4+ 39. Kh2 Qxh4+ 40. Bh3 Qxf2+ 41. Bg2 Qg3+ 0-1

[Event "Kiev Slavjanskoe bratstvo"]
[Site "Kiev"]
[Date "2010.08.28"]
[Round "8"]
[White "Starozhilov, Leonid"]
[Black "Karnaukh, Anatolij"]
[Result "0-1"]
[WhiteElo "2170"]
[BlackElo "2195"]
[PlyCount "154"]
[EventDate "2010.06.22"]
[EventType "swiss"]
[EventRounds "9"]
[EventCountry "UKR"]
[SourceTitle "EXT 2011"]
[Source "ChessBase"]
[SourceDate "2010.11.26"]
[SourceVersion "1"]
[SourceVersionDate "2010.11.26"]
[SourceQuality "1"]

1. e4 e5 2. Nc3 Nf6 3. Nf3 Nc6 4. Bc4 Bb4 5. d3 h6 6. Bd2 0-0 7. Qe2 d6 8. h3 Be6 9. a3 Ba5 10. b4 Bb6 11. Na4 Nd4 12. Nxd4 Bxd4 13. c3 Bxc4 14. dxc4 Bb6 15. 0-0 Qe8 16. Nb2 a5 17. c5 dxc5 18. b5 Rd8 19. Rfd1 Qe6 20. c4 c6 21. Bc3 Bc7 22. f3 cxb5 23. cxb5 b6 24. Nc4 Nh5 25. Ne3 Nf4 26. Qb2 f6 27. h4 Qf7 28. g3 Ne6 29. Kg2 Nd4 30. Rac1 Rd7 31. Rd2 Kh7 32. Rcd1 h5 33. a4 Rfd8 34. Rd3 Bd6 35. Nd5 Rb7 36. Qa2 Bf8 37. Qc4 Rd6 38. Ne3 Qxc4 39. Nxc4 Rdd7 40. Kf2 Bd6 41. Bb2 Bc7 42. R3d2 Rb8 43. Bxd4 exd4 44. f4 Re7 45. Kf3 Rbe8 46. Re2 g5 47. hxg5 fxg5 48. e5 h4 49. gxh4 gxf4 50. Kxf4 Rg7 51. Ke4 Bxe5 52. Kd5 Rd8+ 53. Kc6 Rg6+ 54. Kb7 Rd7+ 55. Ka6 Bc7 56. Rde1 d3 57. Re7+ Rg7 58. Rxd7 Rxd7 59. Rd1 Rd4 60. Nb2 c4 61. Rc1 d2 62. Rc2 Bd8 63. Nd1 Kh6 64. Ne3 Kh5 65. Kb7 Be7 66. Kxb6 Bb4 67. Kc7 Bd6+ 68. Kc8 Bf4 69. Nd1 Re4 70. Nb2 Re1 71. b6 Rc1 72. Rxd2 Bxd2 73. b7 Bf4 74. Kd7 Kxh4 75. Kc6 Kg4 76. Kc5 c3 77. Nd3 Rb1 0-1

[Event "Kiev Slavjanskoe bratstvo"]
[Site "Kiev"]
[Date "2010.08.24"]
[Round "2"]
[White "Bivol, Alina"]
[Black "Karnaukh, Anatolij"]
[Result "1-0"]
[WhiteElo "2017"]
[BlackElo "2195"]
[PlyCount "62"]
[EventDate "2010.06.22"]
[EventType "swiss"]
[EventRounds "9"]
[EventCountry "UKR"]
[SourceTitle "EXT 2011"]
[Source "ChessBase"]
[SourceDate "2010.11.26"]
[SourceVersion "1"]
[SourceVersionDate "2010.11.26"]
[SourceQuality "1"]

1. d4 d5 2. c4 c6 3. Nf3 Nf6 4. Nc3 a6 5. a4 g6 6. Bf4 Bg7 7. e3 0-0 8. Rc1 Qa5 9. Bd3 c5 10. 0-0 cxd4 11. exd4 Nc6 12. Be5 dxc4 13. Bxc4 Bg4 14. h3 Bxf3 15. Qxf3 Rad8 16. Rfd1 Rd7 17. Ne4 Nxe4 18. Bxg7 Ng5 19. Qg4 Rfd8 20. Bh6 Ne6 21. Bxe6 fxe6 22. Qxe6+ Kh8 23. Qf7 Rg8 24. Bg7+ Rxg7 25. Qe8+ Rg8 26. Qxd7 Rd8 27. Qxb7 Nxd4 28. Qxe7 Qd5 29. Rc7 Ne2+ 30. Kh2 Qxg2+ 31. Kxg2 Nf4+ 1-0

[Event "Kiev Slavjanskoe bratstvo"]
[Site "Kiev"]
[Date "2010.08.24"]
[Round "3"]
[White "Karnaukh, Anatolij"]
[Black "Pavlova, Kseniia"]
[Result "1-0"]
[WhiteElo "2195"]
[BlackElo "1756"]
[PlyCount "63"]
[EventDate "2010.06.22"]
[EventType "swiss"]
[EventRounds "9"]
[EventCountry "UKR"]
[SourceTitle "EXT 2011"]
[Source "ChessBase"]
[SourceDate "2010.11.26"]
[SourceVersion "1"]
[SourceVersionDate "2010.11.26"]
[SourceQuality "1"]

1. d4 Nf6 2. c4 g6 3. Nc3 Bg7 4. e4 d6 5. f3 0-0 6. Be3 e5 7. d5 Nh5 8. g3 Bd7 9. Qd2 f5 10. 0-0-0 f4 11. Bf2 a6 12. g4 Nf6 13. Kb1 Ne8 14. h4 h6 15. Bd3 Rf7 16. Nge2 Bf8 17. Nc1 Ng7 18. b4 Qe8 19. Nb3 Kh8 20. Rc1 b6 21. c5 b5 22. c6 Nxc6 23. dxc6 Bxc6 24. Na5 Rc8 25. Nxc6 Qxc6 26. Nxb5 Qb7 27. Na7 Rb8 28. Nc6 Ra8 29. Bc4 Rd7 30. Qd5 Be7 31. a3 Bf6 32. g5 1-0

[Event "Kiev Independence Cup-A 10th"]
[Site "Kiev"]
[Date "2010.08.21"]
[Round "10"]
[White "Karnaukh, Anatolij"]
[Black "Gogol, Vladislav"]
[Result "1/2-1/2"]
[WhiteElo "2195"]
[BlackElo "1989"]
[PlyCount "94"]
[EventDate "2010.08.12"]
[EventType "swiss"]
[EventRounds "11"]
[EventCountry "UKR"]
[SourceTitle "CBM 138 Extra"]
[Source "ChessBase"]
[SourceDate "2010.10.29"]
[SourceVersion "1"]
[SourceVersionDate "2010.10.29"]
[SourceQuality "1"]

1. d4 f5 2. g3 Nf6 3. Bg2 g6 4. Nc3 Bg7 5. Nh3 0-0 6. Bg5 Nc6 7. Qd2 a5 8. f4 Ne8 9. d5 Nb4 10. a3 Na6 11. Nf2 Nd6 12. e4 Nc4 13. Qe2 Nxb2 14. e5 h6 15. Bh4 d6 16. Rb1 dxe5 17. fxe5 g5 18. Rxb2 gxh4 19. Nd3 e6 20. 0-0 Kh8 21. Nf4 Re8 22. Rb5 hxg3 23. hxg3 Qg5 24. dxe6 c6 25. Rxa5 Bxe6 26. Na4 Nc7 27. Rxa8 Rxa8 28. Nc5 Bd5 29. Nxd5 Nxd5 30. Bxd5 cxd5 31. Qd3 Bxe5 32. Rxf5 Qxg3+ 33. Qxg3 Bxg3 34. Rxd5 Rxa3 35. Nxb7 Rc3 36. Rc5 Rxc5 37. Nxc5 Bb8 38. Ne6 Kh7 39. Kg2 Kg6 40. Nd4 Kg5 41. Nc6 Bd6 42. Kf3 h5 43. Nd4 h4 44. c4 h3 45. Nb5 Bc5 46. Nc3 Kf5 47. Kg3 Ke5 1/2-1/2

[Event "Kiev Independence Cup-A 10th"]
[Site "Kiev"]
[Date "2010.08.17"]
[Round "6"]
[White "Stavroyany, Sergey"]
[Black "Karnaukh, Anatolij"]
[Result "1-0"]
[WhiteElo "2277"]
[BlackElo "2195"]
[PlyCount "57"]
[EventDate "2010.08.12"]
[EventType "swiss"]
[EventRounds "11"]
[EventCountry "UKR"]
[SourceTitle "CBM 138 Extra"]
[Source "ChessBase"]
[SourceDate "2010.10.29"]
[SourceVersion "1"]
[SourceVersionDate "2010.10.29"]
[SourceQuality "1"]

1. c4 e5 2. g3 Nf6 3. Bg2 Bc5 4. Nc3 0-0 5. e3 Re8 6. Nge2 Bf8 7. 0-0 d6 8. d3 c6 9. e4 h6 10. h3 a5 11. Be3 Na6 12. Kh2 d5 13. exd5 cxd5 14. Nxd5 Nxd5 15. cxd5 b6 16. d4 e4 17. Nc3 f5 18. f3 exf3 19. Qxf3 Nb4 20. Bf4 Ba6 21. Be5 Bxf1 22. Rxf1 Qd7 23. a3 Na6 24. d6 Rac8 25. Qd5+ Kh8 26. Rxf5 Rxe5 27. Rxe5 Bxd6 28. Ne4 Rc6 29. Nxd6 1-0

[Event "Kiev Independence Cup-A 10th"]
[Site "Kiev"]
[Date "2010.08.12"]
[Round "1"]
[White "Karnaukh, Anatolij"]
[Black "Dzemliuk, Elena"]
[Result "1-0"]
[WhiteElo "2195"]
[BlackElo "1761"]
[PlyCount "75"]
[EventDate "2010.08.12"]
[EventType "swiss"]
[EventRounds "11"]
[EventCountry "UKR"]
[SourceTitle "CBM 138 Extra"]
[Source "ChessBase"]
[SourceDate "2010.10.29"]
[SourceVersion "1"]
[SourceVersionDate "2010.10.29"]
[SourceQuality "1"]

1. d4 Nf6 2. c4 e6 3. Nc3 Bb4 4. a3 Bxc3+ 5. bxc3 d5 6. e3 0-0 7. cxd5 exd5 8. Bd3 Ne4 9. Ne2 Bf5 10. 0-0 Nd7 11. f3 Nd6 12. Bxf5 Nxf5 13. e4 dxe4 14. fxe4 Nd6 15. e5 Nc8 16. Ng3 c5 17. Qg4 Ne7 18. Bg5 g6 19. Ne4 cxd4 20. Bxe7 Qxe7 21. Qxd7 Qxd7 22. Nf6+ Kg7 23. Nxd7 Rfd8 24. e6 fxe6 25. Nc5 Rd6 26. cxd4 b6 27. Ne4 Rxd4 28. Ng5 Re8 29. Rf7+ Kg8 30. Rxa7 h6 31. Nf3 Rd5 32. Rb7 Rb5 33. Rd1 Rb3 34. Rdd7 Rxa3 35. Rg7+ Kh8 36. Rh7+ Kg8 37. Rxh6 e5 38. Rxg6+ 1-0